| 000 | 00347cam a22001097a 4500 | ||
|---|---|---|---|
| 008 | 180718b1963 xxu||||| |||| 00| 0 eng d | ||
| 082 | _aQ1x42 Un3w | ||
| 245 |
_aReport on 25 years work _cby WVS Civil Defence, United Kingdom |
||
| 260 |
_aLondon _bHer Majesty's Stationery office _c1963 |
||
| 300 | _a103p | ||
| 700 | _aUnited Kingdom. WVS Civil Defence | ||
| 999 |
_c495088 _d495088 |
||